| 000 | 00681cam a2200229r 4500 | ||
|---|---|---|---|
| 001 | 45571 | ||
| 003 | BD-RjUL | ||
| 005 | 20211209054032.0 | ||
| 008 | 160727s1964 enk a00000 eng d | ||
| 035 | _a(BD-RjUL)45689 | ||
| 035 | _a2260754 | ||
| 040 |
_aANL _beng _dANL _cBD-RjUL |
||
| 041 | _aeng | ||
| 082 |
_223 _a321.04 _bLUN 1964 |
||
| 100 | 1 |
_aLuard, Evan, _d1926- _9128743 |
|
| 245 | 1 | 0 |
_aNationality and wealth : _ba study in world government / _cEvan Luard |
| 260 |
_aLondon : _bOxford University Press, _c1964. |
||
| 300 |
_a370 p. ; _c21 cm. |
||
| 650 | 0 |
_aInternational agencies. _9129705 |
|
| 650 | 0 |
_aInternational economic relations. _9139499 |
|
| 942 |
_2ddc _cBK |
||
| 999 |
_c45571 _d45571 |
||